000 00730nam a22002297i 4500
003 DO-SdBNP
005 20230426114124.0
007 ta
008 230426b2013 dr ||||| |||| 00| 0 spa d
020 _a9789945887280
040 _aDO-SdBNP
_bspa
_cBNPHU
_erda
082 _222
_bC758
245 _aConstituciones para la liberación :
_bproyecto de ley fundamental de Juan Pablo Duarte, constitución de la República Dominicana de 1963
264 _aSanto Domingo :
_bFundación Juan Bosch,
_c2013
300 _a63 paginas ;
_c22 cm
336 _2rdacontent
_atexto
_btxt
337 _2rdamedia
_asin mediación
_bn
338 _2rdacarrier
_avolumen
_bnc
590 _aInventariado, 2023 / DG
910 _aDG
942 _2ddc
_cLBS1
999 _c53355
_d53355